000 00751nam a2200241 a 4500
005 20160114092303.0
008 140313t2003 ck gr|||| 000 0 spa d
040 _aCO-BoIAVH
_cCO-BoIAVH
041 0 _aspa
044 _ack
082 0 4 _a344.046
_bR74e
100 1 _aRojas, Jorge
245 1 0 _aEstrategias PACOFOR :
_bSeguimiento y evaluación participativos
260 _aManizales :
_bFAO :
_bPACOFOR ,
_c2003.
300 _a70 páginas ;
_c28 x 22 cm.
650 6 _aEvaluación de proyectos
650 6 _aProyectos forestales
650 6 _aParticipación comunitaria
650 6 _aEvaluación participativa
650 6 _aManejo forestal participativo
662 _aColombia
942 _cLIBRO
_2ddc
999 _c4016
_d4016